000 00366 a2200157 4500
001 50494
020 _a85262440403
040 _cAnchieta - Bela Vista
100 _aChianca, Leonardo
240 1 0 _aOs doze trabalhos de Hércules
_lpor
245 1 0 _aOs doze trabalhos de Hércules
300 _a48
362 0 _a2002
650 4 _aLiteratura juvenil
942 _cBK
999 _c50494
_d50494